| 000 | 00783nam a2200217 a 4500 | ||
|---|---|---|---|
| 001 | 1919 | ||
| 003 | CDMR | ||
| 005 | 20151026133603.0 | ||
| 008 | 130130s1978||||||||||||||||||||||||||||d | ||
| 040 |
_aCDMR _bcat _cCDMR |
||
| 100 | 1 |
_aWijmer, Sacha _91431 |
|
| 245 | 1 | 3 |
_aLa censura de prensa en España _b: secuestros, denuncias y sanciones en la prensa periódica española tras la muerte de Franco _cpor Sacha J. Wijmer |
| 260 |
_aAmsterdam _c1978 |
||
| 300 | _a163 p. | ||
| 500 | _aTesina doctoral, Instituto de Estudios Hispànicos. Àmsterdam, 10 de març de 1978 | ||
| 650 | 0 | 4 |
_92723 _aCensura |
| 650 | 0 | 4 |
_93703 _aEspanya _xHistòria _y1975-1982, Transició |
| 650 | 0 | 4 |
_94090 _aPremsa i política _zEspanya |
| 650 | 0 | 4 |
_92994 _aTesis i dissertacions acadèmiques |
| 942 |
_cTSN _2udc |
||
| 999 |
_c1919 _d1919 |
||